Logotipos de empresas fusionados #3 - Estadísticas

Estadísticas generales
  • Esta prueba ha sido intentada 54 veces
  • La puntuación promedio es 19 de 32
Estadísticas de respuestas
Hint Sector Respuesta % Correcto
Automotor 🇩🇪 Audi
100%
Red Social 🇺🇸 Pinterest
100%
Moda 🇮🇹 Gucci
94%
Comida 🇺🇸 Burger King
92%
Deporte 🇺🇸 New Balance
88%
Juegos 🇯🇵 Nintendo
88%
Tecnológico 🇰🇷 Samsung
88%
Comida 🇺🇸 Kentucky FriedChicken
86%
Comida 🇺🇸 Lay's
86%
Juegos 🇯🇵 PlayStation
86%
Deporte 🇰🇷 Fila
84%
Quizzes 🇺🇸 JetPunk
84%
Automotor 🇰🇷 Hyundai
80%
Moda 🇫🇷 Louis Vuitton
76%
Automotor 🇯🇵 Nissan
71%
Moda 🇮🇹 Ray-Ban
71%
Automotor 🇯🇵 Suzuki
71%
Juegos 🇺🇸 Electronic Arts
69%
Comida 🇺🇸 Kellogg's
69%
Deporte/Estilo de vida 🇺🇸 Converse
55%
Deporte 🇯🇵 Asics
49%
Tecnológico 🇺🇸 General Electric
43%
Deporte 🇺🇸 Under Armour
41%
Automotor 🇯🇵 Yamaha
41%
Comida 🇺🇸 Campbell's
22%
Bebida 🇺🇸🇧🇪 Budweiser
16%
Automotor 🇺🇸 General Motors
14%
Energía 🇺🇸 Texaco
8%
Deporte 🇬🇧 Speedo
6%
Bebida 🇩🇰 Carlsberg
4%
Familiar 🇺🇸 Arm & Hammer
0%
Comida 🇺🇸 General Mills
0%
No se encontraron pruebas coincidentes
Distribución de puntuación
Porcentaje de gente con cada puntuación
Porcentaje por número respondido
Historial de tus puntuaciones
No has intentado esta prueba.